01506nam a2200361Ia 4500001001200000003000800012006001900020007001500039008004100054010001700095020001500112020001800127040002100145035002100166050002500187100002200212245009300234250001200327260004300339300001100382504005100393533015200444650005000596650007300646650005800719650004600777650005900823650007100882655002900953710001700982856012600999999001901125ebr10194140CaPaEBRm u cr cn|||||||||070103s2007 nyu sb 001 0 eng d z 2007061158 z1403979804 z9781403979803 aCaPaEBRcCaPaEBR a(OCoLC)56044416814aPN56.H55bG75 2007eb1 aGrimwood, Marita.10aHolocaust literature of the second generationh[electronic resource] /cMarita Grimwood. a1st ed. aNew York :bPalgrave Macmillan,c2007. a177 p. aIncludes bibliographical references and index. aElectronic reproduction.bPalo Alto, Calif. :cebrary,d2009.nAvailable via World Wide Web.nAccess may be limited to ebrary affiliated libraries. 0aHolocaust, Jewish (1939-1945), in literature. 0aChildren of Holocaust survivors, Writings ofxHistory and criticism. 0aHolocaust, Jewish (1939-1945)xPsychological aspects. 0aHolocaust, Jewish (1939-1945)xInfluence. 0aHolocaust survivorsvBiographyxHistory and criticism. 0aChildren of Holocaust survivorsxBiographyxHistory and criticism. 7aElectronic books.2local2 aebrary, Inc.40uhttp://site.ebrary.com/lib/rucke/Doc?id=10194140zAn electronic book accessible through the World Wide Web; click to view c221297d221297